| 000 | 00504 a2200193 4500 | ||
|---|---|---|---|
| 005 | 20260422124750.0 | ||
| 008 | 260422b |||||||| |||| 00| 0 eng d | ||
| 020 |
_a9780415508605 _c£ 42.99 |
||
| 040 | _aMAIN | ||
| 082 |
_a809.9336 _bH563E |
||
| 100 | _aHiltner, Ken, ed. | ||
| 245 | _aEcocriticism: The essential reader | ||
| 260 |
_bRoutledge _aNew York _c2015 |
||
| 300 | _axvi, 382 | ||
| 650 | _aEnglish Literature | ||
| 650 | _aLiterary - Criticism | ||
| 650 | _aEcocriticism | ||
| 942 | _cBK | ||
| 999 |
_c396464 _d396464 |
||